ARRUPE JESUIT UNIVERSITY

CORONAVIRUS -STOP THE SPREAD - CLEAN,DISINFECT,COVER

The end of ancient Christianity / (Record no. 128161)

MARC details
000 -LEADER
fixed length control field 01421cam a2200325 a 4500
001 - CONTROL NUMBER
control field 3401480
003 - CONTROL NUMBER IDENTIFIER
control field ARRUPE
005 - DATE AND TIME OF LATEST TRANSACTION
control field 20180914111226.0
008 - FIXED-LENGTH DATA ELEMENTS--GENERAL INFORMATION
fixed length control field 891206s1990 enk b 001 0 eng
010 ## - LIBRARY OF CONGRESS CONTROL NUMBER
LC control number 89077196
020 ## - INTERNATIONAL STANDARD BOOK NUMBER
International Standard Book Number 0521327164 (hardback)
020 ## - INTERNATIONAL STANDARD BOOK NUMBER
Cancelled/invalid ISBN 0052133949 (pbk)
040 ## - CATALOGING SOURCE
Original cataloging agency DLC
Transcribing agency DLC
Modifying agency DLC
043 ## - GEOGRAPHIC AREA CODE
Geographic area code e------
-- ff-----
-- aw-----
050 00 - LIBRARY OF CONGRESS CALL NUMBER
Classification number BR219
Item number .M37 1990
082 00 - DEWEY DECIMAL CLASSIFICATION NUMBER
Classification number 270.2
Edition number 20
300 ## - PHYSICAL DESCRIPTION
Dimensions 24 cm.
100 1# - MAIN ENTRY--PERSONAL NAME
Personal name Markus, R. A.
Fuller form of name (Robert Austin),
Dates associated with a name 1924-2010.
9 (RLIN) 42178
245 14 - TITLE STATEMENT
Title The end of ancient Christianity /
Statement of responsibility, etc R.A. Markus.
260 ## - PUBLICATION, DISTRIBUTION, ETC. (IMPRINT)
Place of publication, distribution, etc Cambridge [England] ;
-- New York :
Name of publisher, distributor, etc Cambridge University Press,
Date of publication, distribution, etc 1990.
300 ## - PHYSICAL DESCRIPTION
Extent xvii, 258 p. ;
504 ## - BIBLIOGRAPHY, ETC. NOTE
Bibliography, etc Includes bibliographical references (p. 235-249) and index.
650 #0 - SUBJECT ADDED ENTRY--TOPICAL TERM
Topical term or geographic name as entry element Church history
Chronological subdivision Primitive and early church, ca. 30-600.
9 (RLIN) 42179
650 #0 - SUBJECT ADDED ENTRY--TOPICAL TERM
Topical term or geographic name as entry element Spirituality
General subdivision Christianity
-- History
Chronological subdivision Early church, ca. 30-600.
9 (RLIN) 42180
650 #0 - SUBJECT ADDED ENTRY--TOPICAL TERM
Topical term or geographic name as entry element Theology
General subdivision History
Chronological subdivision Early church, ca. 30-600.
9 (RLIN) 27558
856 42 - ELECTRONIC LOCATION AND ACCESS
Materials specified Publisher description
Uniform Resource Identifier <a href="http://www.loc.gov/catdir/description/cam024/89077196.html">http://www.loc.gov/catdir/description/cam024/89077196.html</a>
856 41 - ELECTRONIC LOCATION AND ACCESS
Materials specified Table of contents
Uniform Resource Identifier <a href="http://www.loc.gov/catdir/toc/cam021/89077196.html">http://www.loc.gov/catdir/toc/cam021/89077196.html</a>
906 ## - LOCAL DATA ELEMENT F, LDF (RLIN)
a 7
b cbc
c orignew
d 1
e opcn
f 19
g y-gencatlg
942 ## - ADDED ENTRY ELEMENTS (KOHA)
Source of classification or shelving scheme Library of Congress Classification
Koha item type Monograph ( Printed materials)
Holdings
Withdrawn status Lost status Source of classification or shelving scheme Damaged status Not for loan Collection code Home library Current library Shelving location Date acquired Total Checkouts Full call number Barcode Date last seen Price effective from Koha item type
    Library of Congress Classification     Main Collection ARRUPE LIBRARY ARRUPE LIBRARY Main Collection 14/09/2018   BR219 .M37 1990 46600002015 14/09/2018 14/09/2018 Monograph ( Printed materials)

 

Arrupe Library. PO Box MP320 Mt Pleasant, Harare, Zimbabwe
263 242 745411|librarian@aju.ac.zw